[Event "195th open MGU"]
[Site "Sofia"]
[Date "2017.11.05"]
[Round "5.4"]
[White "Georgiev, Nikolay Zh."]
[Black "Nenchev, Georgi"]
[Result "1-0"]
[WhiteElo "1588"]
[BlackElo "1404"]
[PlyCount "71"]
[EventDate "2017.11.04"]
[EventType "swiss"]
[EventRounds "6"]
[EventCountry "BUL"]
[SourceDate "2008.07.28"]

1. e4 e6 2. Nc3 b6 3. Bc4 Bb7 4. d3 ({RR} 4. Qe2 c5 5. Nf3 a6 6. a4 d6 7. d4
cxd4 8. Nxd4 Nf6 9. O-O Qc8 10. Bg5 Nbd7 11. Rfe1 Be7 12. Rad1 h6 13. Bxf6 Nxf6
{1/2 Schlindwein,R (2440)-Bezold,M (2490)/Balatonbereny 1995/CBM 050/[King,D]}
{RR} 14. f4) 4... Bb4 5. Bd2 Ne7 6. Nge2 $146 ({RR} 6. a3 Bxc3 7. Bxc3 O-O 8.
Qg4 Ng6 9. O-O-O d5 10. exd5 exd5 11. Bb3 c5 12. Nf3 Nd7 13. h4 d4 14. Bd2 Nf6
15. Qh3 Bc8 16. Qg3 Bg4 17. Rde1 Qd7 18. Ne5 Nxe5 19. Rxe5 Nh5 20. Qh2 g6 {
Fieducik,M (1380)-Budrewicz,H (1641)/Warsaw 2012/EXT 2014/1-0 (58)}) 6... Nbc6
7. a3 Bxc3 8. Nxc3 Ne5 9. Ba2 d5 10. Bg5 c6 11. O-O h6 12. Bh4 N5g6 13. Bg3 h5
14. h3 d4 15. Ne2 Qd7 16. Qd2 O-O-O 17. b4 Rdf8 18. c4 dxc3 19. Qxc3 e5 20.
Bxe5 f6 21. Bg3 Ba6 22. Nd4 Kb7 23. Ne6 Qxd3 24. Qxd3 Bxd3 25. Nxf8 Nxf8 26.
Rfd1 Bxe4 27. Re1 h4 28. Bd6 Nf5 29. Bxf8 Bc2 30. Be6 Nd4 31. Bxg7 Rh7 32. Bxf6
Nxe6 33. Rxe6 Rh6 34. Rc1 Ba4 35. Re7+ Ka6 36. Bg5 1-0

[Event "195th open MGU"]
[Site "Sofia"]
[Date "2017.11.05"]
[Round "6.1"]
[White "Georgiev, Nikolay Zh."]
[Black "Andreev, Dobrotich"]
[Result "0-1"]
[WhiteElo "1588"]
[BlackElo "1829"]
[PlyCount "118"]
[EventDate "2017.11.04"]
[EventType "swiss"]
[EventRounds "6"]
[EventCountry "BUL"]
[SourceDate "2008.07.28"]

1. e4 c6 2. Nc3 d5 3. Qf3 d4 4. Nce2 e5 ({RR} 4... c5 5. d3 Nc6 6. Ng3 Nf6 7.
Qd1 g6 8. Be2 Bg7 9. f4 O-O 10. Nf3 b5 11. O-O a5 12. Bd2 a4 13. h3 Ba6 14. b3
Qc7 15. Qe1 Nd7 16. e5 f5 17. Ng5 Qc8 18. Bf3 h6 19. Bd5+ {Jimenez Fraga,P
(2463)-Hernandez Fernandez,R (2293)/Havana 2014/CBM 160 Extra/1-0 (105)}) 5.
Ng3 Nf6 ({RR} 5... Qf6 6. Qd1 Bb4 7. Bc4 Be6 8. Qe2 Ne7 9. c3 Bc5 10. Bxe6 Qxe6
11. Nh3 f6 12. O-O O-O 13. d3 a5 14. Kh1 Ng6 15. Nf5 Nd7 16. Qg4 Rae8 17. f4
Kh8 18. Bd2 b6 19. Rf3 Re7 20. Rg3 {
Minor,S (2196)-Lanz,J (1565)/Eschborn 2014/EXT 2015/1-0 (38)}) 6. a3 $146 ({RR
} 6. Qb3 Qc7 7. c3 h5 8. h4 Bd6 9. Nf3 g6 10. a4 Nbd7 11. Ng5 Nc5 12. Qc2 Ne6
13. d3 Bd7 14. Be2 Nf4 15. Bf3 Ng4 16. Ne2 Nxe2 17. Bxe2 dxc3 18. bxc3 f6 19.
Nf3 O-O-O 20. O-O Rdg8 {
Mestrovic,Z (2376)-Grguric,S (1984)/Osijek 2012/EXT 2013/1/2 (58)}) 6... c5 7.
Bc4 Nc6 8. Qe2 a6 9. d3 b5 10. Ba2 Be6 11. Bxe6 fxe6 12. Nh3 Qd7 13. O-O Bd6
14. f4 exf4 15. Bxf4 Bxf4 16. Nxf4 O-O 17. Nfh5 Nxh5 18. Qxh5 Qd6 19. Qg5 Qe5
20. Qxe5 Nxe5 21. b3 Rxf1+ 22. Rxf1 Rf8 23. h3 Rxf1+ 24. Kxf1 Kf7 25. Ne2 Ke7
26. Kf2 Kd6 27. Ng1 c4 28. Ke2 Nd7 29. dxc4 bxc4 30. b4 Nb6 31. Nf3 e5 32. Nd2
c3 33. Nb3 Nc4 34. Kd3 Nb2+ 35. Ke2 Na4 36. g3 Kc6 37. Kd3 Kb5 38. h4 Nb2+ 39.
Ke2 Ka4 40. Nc5+ Kxa3 41. Nxa6 Ka4 42. Nc5+ Kxb4 43. Nd7 Nc4 44. Kd3 Kb5 45.
Nf8 h6 46. Ne6 Nb2+ 47. Ke2 Kc4 48. Nxg7 d3+ 49. cxd3+ Nxd3 50. Nf5 c2 51. Ne3+
Kc3 52. Nxc2 Kxc2 53. g4 Kc3 54. Ke3 Nf4 55. g5 hxg5 56. hxg5 Ng6 57. Kf3 Kd3
58. Kg4 Kxe4 59. Kh5 Kf5 0-1

[Event "195th open MGU"]
[Site "Sofia"]
[Date "2017.11.05"]
[Round "6.2"]
[White "Nenchev, Georgi"]
[Black "Gelemerov, Yane"]
[Result "0-1"]
[WhiteElo "1404"]
[BlackElo "1918"]
[PlyCount "92"]
[EventDate "2017.11.04"]
[EventType "swiss"]
[EventRounds "6"]
[EventCountry "BUL"]
[SourceDate "2008.07.28"]

1. Nf3 Nf6 2. c4 e6 3. Nc3 Bb4 4. e3 Bxc3 ({RR} 4... b6 5. Be2 O-O 6. O-O d5 7.
a3 Bd6 ({RR} 7... Bxc3 8. bxc3) 8. d4 Bb7 9. Qc2 c5 ({RR} 9... Nbd7 10. cxd5
exd5 11. Nb5) 10. dxc5 bxc5 11. Rd1 Nbd7 12. Rb1 Qe7 ({RR} 12... Rc8 13. b4
cxb4 14. axb4 Bb8 15. c5 a5) 13. cxd5 exd5 14. Nb5 Rfc8 ({RR} 14... Bb8 15. b4)
15. Nxd6 Qxd6 16. Bd2 d4 17. Ne1 ({RR} 17. exd4 Be4 18. Bd3 Bxf3) 17... Be4 ({
RR} 17... Ne5 18. f3 c4 19. exd4 Qxd4+ 20. Kh1 ({RR} 20. Kf1 Neg4 21. fxg4 Ne4)
20... Qf2 21. Bc3 Neg4 22. fxg4 Re8 23. Bf3 Rxe1+ 24. Rxe1 Qxc2 25. Bxb7) 18.
Bd3 Bxd3 19. Qxd3 {
Speelman,J (2620)-Lalic,B (2590)/Hastings 1996/CBM 051/[Speelman,J]/1/2 (43)} {
RR} Ng4 20. f4 ({RR} 20. Nf3 Nde5) 20... Qh6 21. h3 dxe3 22. Bxe3 c4 23. Qe2
Nxe3 24. Qxe3 Nc5) 5. bxc3 d6 ({RR} 5... c5 6. d4 Qc7 7. Bd3 O-O 8. O-O d6 9.
Qc2 Nc6 10. e4 cxd4 11. cxd4 Nb4 12. Qb3 Nxd3 13. Qxd3 d5 14. cxd5 exd5 15. e5
Ne4 16. Nd2 Bf5 17. Nxe4 Bxe4 18. Qg3 Qb6 19. Be3 Qg6 20. Qh3 {
Cosme Contreras,T (1757)-Palacios Llancari,K (1479)/Lima 2016/EXT 2017/0-1 (63)
}) 6. Be2 $146 ({RR} 6. d3 O-O 7. Be2 Re8 8. O-O e5 9. e4 Nbd7 10. Be3 c6 11.
Nd2 d5 12. cxd5 cxd5 13. Bf3 dxe4 14. Nxe4 Nxe4 15. Bxe4 Qc7 16. Qb3 Nf6 17.
Bf3 Bg4 18. Qxb7 Qxc3 19. Qxa8 Rxa8 20. Bxa8 Qxd3 {
Loncar,R (2406)-Naumkin,I (2498)/Ischia 2000/EXT 2001/0-1 (68)}) 6... Nbd7 7.
O-O e5 8. Qc2 O-O 9. d3 Qe7 10. e4 Nc5 11. Be3 Bd7 12. Bxc5 dxc5 13. Qb2 b6 14.
Nd2 Rad8 15. a4 a5 16. h3 Ne8 17. d4 cxd4 18. cxd4 exd4 19. Bd3 Qg5 20. f4 Qe7
21. Nf3 Qc5 22. Qc2 h6 23. Ne5 Nd6 24. Nxd7 Rxd7 25. f5 f6 26. Rf4 Re8 27. h4
Nb7 28. Kf2 Qd6 29. Kf3 Nc5 30. h5 Rde7 31. Re1 Qc6 32. Ra1 Re5 33. g4 Nd7 34.
Rb1 Rc5 35. Rb5 Ne5+ 36. Ke2 Nd7 37. Kf3 Ree5 38. Ke2 Kh7 39. Kf3 Qd6 40. Ke2
Rxb5 41. axb5 Rxb5 42. Kf3 Rc5 43. Qa4 c6 44. Qa3 Ne5+ 45. Kg3 Nxd3 46. Qxd3 b5
0-1

[Event "195th open MGU"]
[Site "Sofia"]
[Date "2017.11.05"]
[Round "6.3"]
[White "Dimova, Mariya"]
[Black "Ivanov, Daniel"]
[Result "1-0"]
[WhiteElo "1434"]
[BlackElo "1758"]
[PlyCount "109"]
[EventDate "2017.11.04"]
[EventType "swiss"]
[EventRounds "6"]
[EventCountry "BUL"]
[SourceDate "2008.07.28"]

1. e4 e6 2. c4 c5 3. Nf3 Nc6 4. d4 cxd4 5. Nxd4 a6 6. Nxc6 bxc6 7. Be3 Nf6 8.
Bd3 Be7 9. O-O d6 10. Nc3 O-O $146 ({RR} 10... d5 11. e5 Nd7 12. f4 Bc5 13.
Bxc5 Nxc5 14. Kh1 Rb8 15. b3 Qa5 16. Ne2 Bd7 17. Qc2 h6 {
1/2 Studzinski,T (1982)-Szmidt,P (2015)/Poland 2012/EXT 2015}) 11. Rc1 Qc7 12.
b3 Bb7 13. f4 c5 14. e5 dxe5 15. Bb1 exf4 16. Bxf4 Qc6 17. Rf2 Rad8 18. Qc2 g6
19. h3 Nh5 20. Bh6 Ng7 21. Rcf1 Rd7 22. Ne2 f5 23. Nf4 Bf6 24. Kh2 Be5 25. Qc1
Nh5 26. g3 Bxf4 27. Bxf4 Nxf4 28. Qxf4 Rd4 29. Qg5 Kg7 30. h4 h6 31. Qe3 Qd6
32. Qc3 Kh7 33. Kh3 e5 34. h5 e4 35. hxg6+ Qxg6 36. Qe3 Qg4+ 37. Kg2 Kg6 38.
Rf4 Qg5 39. b4 Rfd8 40. R1f2 cxb4 41. Bc2 Bc6 42. Kg1 h5 43. Rg2 R8d6 44. Kh2
Rxc4 45. Rd2 Rf6 46. Rd8 Rxc2+ 47. Kh3 Rf7 48. Qd4 Qf6 49. Rd6 Qxd6 50. Qxd6+
Rf6 51. Qxb4 Bb5 52. Qb3 Bf1+ 53. Rxf1 Rfc6 54. Qg8+ Kh6 55. Rxf5 1-0